000 00334nam a2200133Ia 4500
008 231129s2002||||xx |||||||||||||| ||spa||
020 _a958-677-228-4
040 _bspa
082 _aR 590 A881
245 0 _aAtlas de animales en peligro
260 _c2002
264 _aZamora
942 _2ddc
_cBKS
999 _c5786
_d5786